Física 3 /
Guardado en:
| Autor Principal: | |
|---|---|
| Formato: | Libro |
| Publicado: |
Buenos Aires :
Huemul,
1994
|
| Materias: | |
| Etiquetas: |
Agregar Etiqueta
Sin Etiquetas, Sea el primero en etiquetar este registro!
|
| LEADER | 00941nam a22002055a 4500 | ||
|---|---|---|---|
| 001 | CEM.cems016574 | ||
| 005 | 20120314123123.0 | ||
| 008 | 130507s1994##################000#0#####d | ||
| 003 | CEMS | ||
| 020 | |a 950102861 | ||
| 082 | 0 | 4 | |a 530 |
| 100 | 1 | |a Magnetti, Renée César | |
| 245 | 1 | 0 | |a Física 3 / |c Renée César Magnetti |
| 260 | |a Buenos Aires : |b Huemul, |c 1994 | ||
| 300 | |a 204 p. | ||
| 505 | 0 | |a Cinemática -- Movimientos de los cuerpos -- Movimiento circular -- Dinámica -- Masa, inercia, unidades -- Trabajo, potencia, energía, péndulo -- Energía -- Fuentes de energía -- Energía en un circuito eléctrico -- Movimiento vibratorio -- Vibración -- Calorimetría -- Calor y temperatura -- Dilatación -- Dilatación de gases -- Hidrodinámica | |
| 653 | |a Física | ||
| 653 | |a Física-egb | ||
| 859 | |a CEMS |b BIB. CEMS - Agricultura |h 530 |i M274 |p A1500.12 |t Ej.2 |v 3 |3 3 | ||
| 859 | |a CEMS |b BIB. CEMS - Agricultura |h 530 |i M274 |p A18486.95 |t Ej.1 |v 3 |3 3 | ||
